Термохимия : (Record no. 500863)
[ view plain ]
| 000 -LEADER | |
|---|---|
| fixed length control field | 00701-am-a2200205-a-4500 |
| 001 - CONTROL NUMBER | |
| control field | 000191107 |
| 003 - CONTROL NUMBER IDENTIFIER | |
| control field | AM-YeHGA |
| 005 - DATE AND TIME OF LATEST TRANSACTION | |
| control field | 20250617163103.0 |
| 008 - FIXED-LENGTH DATA ELEMENTS--GENERAL INFORMATION | |
| fixed length control field | 990322s1951 xxu 000 0 rus u |
| 020 ## - INTERNATIONAL STANDARD BOOK NUMBER | |
| Terms of availability | 3.00 |
| 040 ## - CATALOGING SOURCE | |
| Original cataloging agency | AM-YeHGA |
| 090 ## - LOCALLY ASSIGNED LC-TYPE CALL NUMBER (OCLC); LOCAL CALL NUMBER (RLIN) | |
| -- | 504275 |
| 100 1# - MAIN ENTRY--PERSONAL NAME | |
| Personal name | Скуратов, С.М. |
| 245 10 - TITLE STATEMENT | |
| Title | Термохимия : |
| Remainder of title | Практические работы по физической химии / |
| Statement of responsibility, etc. | С.М. Скуратов, А.В. Очкин ; Под ред. А.В. Фроста. |
| 260 ## - PUBLICATION, DISTRIBUTION, ETC. | |
| Place of publication, distribution, etc. | Москва : |
| Name of publisher, distributor, etc. | МГУ, |
| Date of publication, distribution, etc. | 1951. |
| 300 ## - PHYSICAL DESCRIPTION | |
| Extent | 54 с. |
| 650 14 - SUBJECT ADDED ENTRY--TOPICAL TERM | |
| Topical term or geographic name entry element | Теоретическая химия |
| 700 1# - ADDED ENTRY--PERSONAL NAME | |
| Personal name | Очкин, А.В. |
| 700 1# - ADDED ENTRY--PERSONAL NAME | |
| Personal name | Фроста, А.В. |
| Relator term | ред. |
| Relationship | edt |
| Withdrawn status | Lost status | Damaged status | Not for loan | Collection | Home library | Current library | Date acquired | Total checkouts | Full call number | Barcode | Date last seen | Price effective from | Koha item type | Public note |
|---|---|---|---|---|---|---|---|---|---|---|---|---|---|---|
| General | Fundamental Scientific Library | Fundamental Scientific Library | 05/11/2019 | РД II/65367 | FL0603683 | 05/11/2019 | 05/11/2019 | Գրքեր / Books | 30 Days Loan |
ՀՀ Գիտությունների ազգային ակադեմիայի հիմնարար գիտական գրադարան = Fundamental Scientific Library of NAS RA
All site content, except where otherwise noted, is licensed under a